000 00336nam a22001457a 4500
008 230706b ||||| |||| 00| 0 eng d
020 _a9781618530400
041 _aeng
080 _2SECOND EDITION
_a336.2
082 _a336.2FER
100 _a22
101 _aMBE
245 _aFINANCIAL ACCOUNTING
_cFERRIS .R .K
942 _2udc
_cBK
999 _c60105
_d60105